A history of Egypt under roman rule. By J. Grafton Milne, M. A. sometime scholar of C.C.C., Oxford with numerous illustrations
Saved in:
| Main Authors: | , |
|---|---|
| Format: | Book |
| Language: | English |
| Published: |
Londres
Methuen & Co., 36 Essex street, W. C
1898
|
| Edition: | 1a. ed |
| Subjects: | |
| Tags: |
Add Tag
No Tags, Be the first to tag this record!
|
MARC
| LEADER | 00000nam a2200000 a 4500 | ||
|---|---|---|---|
| 001 | UCJ6545 | ||
| 003 | CL-VaPUC | ||
| 008 | 070124e18980000UK |||||||||||||||||eng|d | ||
| 082 | 0 | 4 | |a 932 |b MIL |2 21 |
| 100 | |a MIlne, Joseph Grafton |e autor |9 513388 | ||
| 700 | 0 | |a Petrie, W. M. Flinders |e author |9 513389 | |
| 245 | 1 | 2 | |a A history of Egypt under roman rule. By J. Grafton Milne, M. A. sometime scholar of C.C.C., Oxford with numerous illustrations |
| 250 | |a 1a. ed | ||
| 300 | |a xii, 310 p | ||
| 942 | |c BK | ||
| 945 | |d 20070124 00:00:00 |a rinostro | ||
| 260 | |a Londres |b Methuen & Co., 36 Essex street, W. C |c 1898 | ||
| 500 | |a Ilustraciones conforme a lo señalado en índice. De esta obra se ha hecho un registro para cada uno de los seis volúmenes | ||
| 650 | 7 | |a EGIPTOLOGIA |2 CL-VaPUC |9 265780 | |
| 650 | 0 | |a Imperio Romano |9 322785 | |
| 650 | 0 | |a Religión |9 255164 | |
| 650 | 0 | |a Arqueología |9 265619 | |
| 650 | 7 | |a JEROGLIFICOS |2 CL-VaPUC |9 265779 | |
| 650 | 0 | |a Cultura |9 269059 | |
| 650 | 0 | |a Ilustraciones |9 369481 | |
| 650 | 0 | |a Arte |9 265238 | |
| 650 | 7 | |a TEMPLOS |2 CL-VaPUC |9 266644 | |
| 650 | 0 | |a Iconografía |9 267998 | |
| 650 | 0 | |a Numismática |9 318332 | |
| 650 | 0 | |a Judíos |9 313771 | |
| 650 | 0 | |a Emperadores romanos |9 314054 | |
| 651 | 0 | |a Egipto |9 268199 | |
| 583 | |a last modification |c 20070124 00:00:00 |k Rodrigo Vera | ||
| 999 | |c 322647 |d 322645 | ||
| 952 | |0 0 |1 0 |4 0 |6 932_000000000000000_MIL_1898 |7 0 |8 X |9 401692 |a FDOBUD |b FDOBUD |d 2019-11-22 |h v.5 |i 1049437 |o 932 MIL 1898 |p 1049437 |r 2019-11-22 |w 2019-11-22 |y BK_X |k BUD | ||